| 000 | 00495nam a2200193 4500 | ||
|---|---|---|---|
| 003 | LK-CoMWRAF | ||
| 005 | 20230825113436.0 | ||
| 008 | 230825b1990 |||||||| |||| 00| 0 eng d | ||
| 020 | _a978-0345350688 | ||
| 040 |
_aLK-CoMWRAF _dLK-CoMWRAF _eLK-CoMWRAF |
||
| 041 | _aeng | ||
| 082 |
_a920 _bMAL |
||
| 110 | _a Malcolm X | ||
| 245 | _aThe Autobiography Of Malcolm X | ||
| 260 |
_aNew York : _bGrove Press, _c1990 |
||
| 300 | _a460p | ||
| 650 | _aAutobiography - Malcolm X | ||
| 942 |
_n0 _cBK |
||
| 999 |
_c3263 _d3263 |
||